000
00253nam a2200121Ia 4500
100
_a
DEOPUJARI/U.P.
942
_c
BK
245
_a
MAHARASHTRA REVISE PAY RULES
260
_b
Nagpur Law House
_a
Nagpur
300
_a
41
546
_a
ENGLISH
999
_c
26647
_d
26647